Sports Quiz

Random Sports or Football Quiz

LSU vs. Alabama (2011) Quiz Stats

 Plays Quiz Updated Dec 18, 2019

Support Sporcle.
Go Orange.
Score 0/30 Timer 06:00
1 Play Today
% Correct
The Fighting Tigers
93.7%
The Crimson Tide
87.4%
Louisiana State University and Agricultural and Mechanical College
86.4%
Purple and Gold
85.3%
Baton Rouge, Louisiana
84.7%
The University of Alabama
82.4%
Nick Saban
78.1%
Les Miles
76.1%
Tuscaloosa, Alabama
75.5%
Crimson and White
75.3%
(11-1)
73.2%
LSU (6-9 in OT on 11/5/11)
72.4%
(13-0)
69%
Mark Ingram (2009)
65.3%
Roll Tide!
64.6%
% Correct
Trent Richardson (3rd)
61.6%
Tyrann Mathieu-'The Honey Badger' (5th)
53.1%
Tiger Stadium/Death Valley
51.8%
Jordan Jefferson
49.9%
Geaux Tigers!
48.7%
A. J. McCarron
41.6%
Cotton Bowl (W 41–24 vs. Texas A&M)
37.4%
Bryant-Denny Stadium
33.9%
Arkansas (23-31 on 11/27/10)
28.5%
Capital One Bowl (W 49–7 vs. Michigan State)
25.4%
Mike the Tiger
22.5%
Big Al
18.9%
Billy Cannon (1959)
14.8%
The Million Dollar Band
13.9%
The Golden Band from Tigerland
9.4%

You're not logged in!

Compare scores with friends on all Sporcle quizzes.
OR
Log In

From the Vault

Holidays by Balloon

by awesomeness365

We've never seen holidays be so afraid of needles before.
Remove Ads.
Support Sporcle.
Get the best of Sporcle when you Go Orange. This ad-free experience offers more features, more stats, and more fun while also helping to support Sporcle. Thank you for becoming a member.

Show Comments

Extras

Top Quizzes Today


Score Distribution

Your Account Isn't Verified!

In order to create a playlist on Sporcle, you need to verify the email address you used during registration. Go to your Sporcle Settings to finish the process.

Report this User

Report this user for behavior that violates our Community Guidelines.

Details: